हिन्दी की चुनी हुई लंबी कविताओं पर बातचीत / (Record no. 51070)

MARC details
000 -LEADER
fixed length control field 01369nam a22002777a 4500
005 - DATE AND TIME OF LATEST TRANSACTION
control field 20110214110156.0
008 - FIXED-LENGTH DATA ELEMENTS--GENERAL INFORMATION
fixed length control field 090211t xxu||||| |||| 00| 0 hin d
010 ## - LCCN (DPL NO)
LC control number HIN-92047
020 ## - INTERNATIONAL STANDARD BOOK NUMBER
Terms of availability 150.00
International Standard Book Number 9789380417202
035 ## - SYSTEM CONTROL NUMBER
System control number HN-64393
037 ## - SOURCE OF ACQUISITION
Source of stock number/acquisition DBAD / PUB
040 ## - CATALOGING SOURCE
Original cataloging agency DPL
Language of cataloging HN
082 ## - DEWEY DECIMAL CLASSIFICATION NUMBER
Classification number 821.08
100 ## - MAIN ENTRY--PERSONAL NAME
9 (RLIN) 25892
Personal name राजेन्द्र प्रसाद सिंह
245 ## - TITLE STATEMENT
Title हिन्दी की चुनी हुई लंबी कविताओं पर बातचीत /
Statement of responsibility, etc राजेन्द्र प्रसाद सिंह
246 ## - VARYING FORM OF TITLE
Title proper/short title Hindi ki chuni hui lambi kavitaon par batchit
Remainder of title by Rajendra prasad singh
260 ## - PUBLICATION, DISTRIBUTION, ETC. (IMPRINT)
Place of publication, distribution, etc कानपुर
Name of publisher, distributor, etc अमन प्रकाशन
Date of publication, distribution, etc 2010
270 ## - ADDRESS
Address 104A /118 रामबाग,
City कानपुर
Postal code 208012
Telephone number R-0512-2574766 M-09839218516
Fax number 052-2543480
300 ## - PHYSICAL DESCRIPTION
Extent 86पृ.
Dimensions 22सेमी (सजिल्द)
600 ## - SUBJECT ADDED ENTRY--PERSONAL NAME
9 (RLIN) 26585
Personal name हिन्दी कविता
650 ## - SUBJECT ADDED ENTRY--TOPICAL TERM
9 (RLIN) 1169
Topical term or geographic name as entry element Hindi Poetry
650 ## - SUBJECT ADDED ENTRY--TOPICAL TERM
9 (RLIN) 25893
Topical term or geographic name as entry element हिन्दी कविता
700 ## - ADDED ENTRY--PERSONAL NAME
9 (RLIN) 25894
942 ## - ADDED ENTRY ELEMENTS (KOHA)
Source of classification or shelving scheme Dewey Decimal Classification
Item type Hindi Books
Classification part 821.08
Call number suffix राजेन्द्र
Holdings
Withdrawn status Lost status Source of classification or shelving scheme Damaged status Not for loan Collection code Home library Current library Date acquired Source of acquisition Cost, normal purchase price Total Checkouts Full call number Barcode Date last seen Copy number Cost, replacement price Koha item type
    Dewey Decimal Classification   Not For Loan Non-fiction D.B.Act.Division D.B.Act.Division 15/03/2011 DBAD / PUB 150.00   821.08राजेन्द्र HN-64393 15/03/2011 1 150.00 Hindi Books

© Delhi Public Library
Hit Counter
free hit counter